中国民航机场大全 List of Airports in China - Statistics

General Stats
  • This quiz has been taken 287 times
  • The average score is 150 of 259
Answers on the Map
Answers color-coded by a green-red scale on the quiz's map according to % correct below.
 
Answer Stats
机场名称 % Correct
北京首都国际机场
95%
北京大兴国际机场
95%
上海浦东国际机场
94%
上海虹桥国际机场
93%
广州白云国际机场
91%
成都天府国际机场
90%
深圳宝安国际机场
89%
成都双流国际机场
89%
南京禄口国际机场
89%
乌鲁木齐地窝堡国际机场
89%
海口美兰国际机场
89%
重庆江北国际机场
88%
杭州萧山国际机场
88%
大连周水子国际机场
87%
昆明长水国际机场
86%
厦门高崎国际机场
86%
青岛胶东国际机场
86%
西安咸阳国际机场
85%
三亚凤凰国际机场
85%
哈尔滨太平国际机场
85%
天津滨海国际机场
85%
郑州新郑国际机场
84%
沈阳桃仙国际机场
84%
济南遥墙国际机场
84%
南宁吴圩国际机场
84%
福州长乐国际机场
84%
拉萨贡嘎机场
84%
佛山沙堤机场
83%
长沙黄花国际机场
82%
武汉天河国际机场
82%
长春龙嘉国际机场
82%
珠海金湾机场
82%
无锡硕放国际机场
82%
宁波栎社国际机场
80%
呼和浩特白塔国际机场
80%
烟台蓬莱国际机场
80%
兰州中川国际机场
79%
温州龙湾国际机场
79%
西宁曹家堡国际机场
79%
威海大水泊国际机场
79%
泉州晋江国际机场
78%
桂林两江国际机场
78%
常州奔牛国际机场
78%
扬州泰州国际机场
78%
徐州观音国际机场
78%
贵阳龙洞堡国际机场
77%
南昌昌北国际机场
77%
石家庄正定国际机场
77%
南通兴东国际机场
77%
连云港花果山机场
77%
重庆巫山机场
77%
合肥新桥国际机场
76%
揭阳潮汕国际机场
76%
湛江吴川国际机场
76%
舟山普陀山机场
76%
重庆仙女山机场
76%
太原武宿国际机场
75%
丽江三义国际机场
75%
盐城南洋国际机场
75%
银川河东国际机场
73%
西双版纳嘎洒国际机场
73%
三沙永兴机场
73%
大理凤仪机场
72%
台州路桥机场
72%
呼伦贝尔海拉尔机场
71%
洛阳北郊机场
71%
菏泽牡丹机场
71%
唐山三女河机场
71%
丹东浪头机场
71%
漠河古莲机场
71%
喀什徕宁国际机场
70%
北海福成机场
70%
包头东河机场
70%
嘉峪关酒泉机场
70%
秦皇岛北戴河机场
69%
日喀则和平机场
69%
日喀则定日机场
69%
淮安涟水国际机场
68%
赣州黄金机场
67%
遵义茅台机场
67%
东营胜利机场
67%
日照山字河机场
67%
齐齐哈尔三家子机场
67%
黑河瑷珲机场
67%
惠州平潭机场
66%
柳州白莲机场
66%
佳木斯东郊机场
66%
潍坊机场
66%
阿勒泰雪都机场
66%
遵义新舟机场
65%
芜湖宣州机场
65%
大同云冈机场
65%
临沂启阳国际机场
64%
赤峰玉龙机场
64%
衢州机场
64%
延安南泥湾机场
64%
黄山屯溪国际机场
64%
吐鲁番交河机场
64%
榆林榆阳机场
63%
南阳姜营机场
63%
林芝米林机场
63%
张家口宁远机场
63%
绵阳南郊机场
62%
和田昆冈机场
62%
通辽机场
62%
牡丹江海浪国际机场
62%
哈密伊州机场
62%
承德普宁机场
62%
延吉朝阳川国际机场
61%
大庆萨尔图机场
61%
景德镇罗家机场
61%
九江庐山机场
61%
锦州锦州湾机场
61%
攀枝花保安营机场
61%
宜昌三峡机场
60%
义乌机场
60%
鄂尔多斯伊金霍洛国际机场
60%
张家界荷花国际机场
60%
满洲里西郊机场
60%
三明沙县机场
60%
鞍山腾鳌机场
60%
阿里普兰机场
60%
岳阳三荷机场
59%
昌都邦达机场
59%
阿里昆莎机场
59%
敦煌莫高国际机场
58%
琼海博鳌机场
58%
白山长白山机场
58%
张掖甘州机场
58%
迪庆香格里拉机场
58%
汉中城固机场
58%
石河子花园机场
58%
营口兰旗机场
58%
梅州梅县机场
58%
泸州云龙机场
57%
十堰武当山机场
57%
邯郸机场
57%
郴州北湖机场
57%
上饶三清山机场
57%
天水麦积山机场
57%
宜宾五粮液机场
56%
济宁大安机场
56%
铜仁凤凰机场
56%
广元盘龙机场
56%
鄂州花湖机场
56%
梧州西江机场
56%
二连浩特赛乌素机场
56%
运城张孝机场
55%
吉安井冈山机场
55%
朝阳机场
55%
海西德令哈机场
55%
阿克苏红旗坡机场
54%
襄阳刘集机场
54%
安庆天柱山机场
54%
克拉玛依古海机场
54%
玉林福绵机场
54%
甘孜康定机场
54%
衡阳南岳机场
53%
常德桃花源机场
53%
乌海机场
53%
韶关丹霞机场
53%
信阳明港机场
53%
百色巴马机场
53%
普洱思茅机场
53%
安阳红旗渠机场
53%
德宏芒市国际机场
52%
保山云瑞机场
52%
鸡西兴凯湖机场
52%
六盘水月照机场
52%
山南隆子机场
52%
恩施许家坪机场
51%
忻州五台山机场
51%
昭通机场
51%
安康富强机场
51%
文山砚山机场
51%
白城长安机场
51%
抚远东极机场
51%
安顺黄果树机场
51%
达州金垭机场
50%
荆州沙市机场
50%
金昌金川机场
50%
伊春林都机场
50%
宜春明月山机场
49%
临沧博尚机场
49%
大兴安岭鄂伦春机场
49%
中卫沙坡头机场
49%
阜阳机场
48%
临汾尧都机场
48%
长治王村机场
48%
巴中恩阳机场
48%
玉树巴塘机场
48%
格尔木机场
48%
乌兰察布集宁机场
48%
阿坝红原机场
48%
南充高坪机场
47%
万州五桥机场
47%
池州九华山机场
47%
塔城千泉机场
47%
永州零陵机场
47%
松原查干湖机场
47%
吕梁大武机场
46%
怀化芷江机场
46%
武夷山机场
46%
湘西边城机场
46%
西昌青山机场
45%
巴彦淖尔天吉泰机场
45%
伊宁机场
44%
海西花土沟机场
44%
河池金城江机场
44%
甘孜格萨尔机场
44%
朔州滋润机场
44%
库尔勒梨城机场
43%
毕节飞雄机场
43%
通化三源浦机场
43%
神农架红坪机场
43%
庆阳机场
42%
陇南成县机场
42%
固原六盘山机场
42%
邵阳武冈机场
40%
甘南夏河机场
40%
海北祁连机场
40%
腾冲驼峰机场
39%
九寨黄龙机场
37%
黔东南黎平机场
37%
黔南荔波机场
36%
锡林浩特机场
35%
果洛玛沁机场
35%
长海大长山岛机场
34%
若羌楼兰机场
32%
乌兰浩特义勒力特机场
31%
博乐阿拉山口机场
31%
兴义万峰林机场
30%
库车龟兹机场
30%
稻城亚丁机场
30%
阿尔山伊尔施机场
29%
阿拉善左旗巴彦浩特机场
28%
阿拉尔塔里木机场
27%
凯里黄平机场
27%
五大连池德都机场
27%
莎车叶尔羌机场
26%
且末玉都机场
26%
图木舒克唐王城机场
25%
黔江武陵山机场
25%
布尔津喀纳斯机场
24%
宁蒗泸沽湖机场
24%
塔什库尔干红其拉甫机场
24%
额济纳旗桃来机场
23%
于田万方机场
21%
扎兰屯成吉思汗机场
21%
富蕴可可托海机场
21%
阆中古城机场
21%
阿拉善右旗巴丹吉林机场
21%
连城冠豸山机场
18%
霍林郭勒霍林河机场
18%
建三江湿地机场
18%
澜沧景迈机场
16%
沧源佤山机场
15%
新源那拉提机场
14%
昭苏天马机场
12%
No matching quizzes found
Score Distribution
Percent of People with Each Score
Percentile by Number Answered
Your Score History
You have not taken this quiz